Biggest towns each irish county - Statistics

General Stats
  • This quiz has been taken 30 times
  • The average score is 13 of 31
Answer Stats
Hint Answer % Correct
Sligo Sligo
81%
Clare Ennis
70%
Donegal Letterkenny
70%
Wexford Wexford
63%
Carlow Carlow
59%
Longford Longford
59%
Louth Drogheda
56%
Fermanagh Enniskillen
56%
Tyrone Omagh
56%
Kerry Tralee
56%
Westmeath Athlone
52%
Cavan Cavan
52%
Monaghan Monaghan
52%
Kildare Naas
52%
Leitrim Carrick-on-Shannon
48%
Mayo Castlebar
48%
Meath Navan
48%
Roscommon Roscommon
48%
Laois Portlaoise
44%
Offaly Tullamore
44%
Tipperary Clonmel
37%
Galway Tuam
30%
Antrim Antrim
26%
Dublin Balbriggan
22%
Down Bangor
22%
Waterford Tramore
19%
Armagh Lurgan
15%
Limerick Newcastle West
15%
Kilkenny Callan
11%
Cork Carrigaline
11%
Derry Limavady
7%
No matching quizzes found
Score Distribution
Percent of People with Each Score
Percentile by Number Answered
Your Score History
You have not taken this quiz